000 02495nam a2200433 a 4500
001 000027280
003 DO-SdBNP
005 20250221073755.0
008 100407s2014 dr ad 000 0 spa d
040 _aDO-SdBNP
_bspa
_cBNPHU
082 _a317.2932
_bP438es
245 0 0 _aPerfiles estadísticos provinciales :
_bregiones Valdesia - Ozama /
_cpresentación Pablo Tactuk.
260 _aSanto Domingo :
_bONE,
_c2014.
300 _a169 p. :
_bil., diagr. ;
_c28 cm.
505 0 _tRegión Valdesia
_gAzua
_gPeravia
_gSan Cristóbal
_gSan José de Ocoa
_tRegión Ozama
_gDistrito Nacional
_gSanto Domingo
590 _aInventariado,2018/DG
651 4 _aAzua, República Dominicana
_xPoblación
_vEstadísticas
_954341
651 4 _aAzua, República Dominicana
_xCondiciones económicas
_vEstadísticas
_954342
651 4 _aAzua, República Dominicana
_xCondiciones sociales
_vEstadísticas
_954343
651 4 _aPeravia, República Dominicana
_xPoblación
_vEstadísticas
_954344
651 4 _aPeravia, República Dominicana
_xCondiciones económicas
_vEstadísticas
_954345
651 4 _aPeravia, República Dominicana
_xCondiciones sociales
_vEstadísticas
_954346
651 4 _aSan Cristóbal, República Dominicana
_xPoblación
_vEstadísticas
_954347
651 4 _aSan Cristobal, República Dominicana
_xCondiciones económicas
_vEstadísticas
_954348
651 4 _aSan Cristóbal, República Dominicana
_xCondiciones sociales
_vEstadísticas
_954349
651 4 _aSan José De Ocoa, República Dominicana
_xPoblación
_vEstadísticas
_954350
651 4 _aSan José de Ocoa, República Dominicana
_xCondiciones económicas
_vEstadísticas
_954351
651 4 _aSan José de Ocoa, República Dominicana
_xCondiciones sociales
_954352
651 4 _aSanto Domingo, República Dominicana
_xPoblación
_vEstadísticas
_954356
651 4 _aSanto Domingo, República Dominicana
_xCondiciones económicas
_vEstadísticas
_954357
651 4 _aSanto Domingo, República Dominicana
_xCondiciones sociales
_vEstadísticas
_954358
651 4 _aDistrto Nacional (República Dominicana)
_xPoblación
_vEstadísticas
_980620
651 4 _aDistrito Nacional (República Dominicana)
_xCondiciones económicas
_vEstadísticas
_980621
651 4 _aDistrito Nacional (República Dominicana)
_xCondiciones sociales
_vEstadísticas
_980622
700 2 _aTactuk, Pablo
_epres.
_95774
710 1 _aRepública Dominicana.
_bOficina Nacional de Estadística
_95775
910 _aValidado. Control de calidad MFF
942 _2ddc
_cLBS1
999 _c26772
_d26772